MARC details
| 000 -LEADER |
| fixed length control field |
02416cam a2200493 i 4500 |
| 001 - CONTROL NUMBER |
| control field |
1518797348 |
| 003 - CONTROL NUMBER IDENTIFIER |
| control field |
OCoLC |
| 005 - DATE AND TIME OF LATEST TRANSACTION |
| control field |
20251006104639.0 |
| 007 - PHYSICAL DESCRIPTION FIXED FIELD--GENERAL INFORMATION |
| fixed length control field |
tb |
| 008 - FIXED-LENGTH DATA ELEMENTS--GENERAL INFORMATION |
| fixed length control field |
250523s2025 meu ed 000 1 eng |
| 020 ## - INTERNATIONAL STANDARD BOOK NUMBER |
| International Standard Book Number |
9781420521368 |
| Qualifying information |
(hardcover : large print) |
| 020 ## - INTERNATIONAL STANDARD BOOK NUMBER |
| International Standard Book Number |
1420521365 |
| Qualifying information |
(hardcover : large print) |
| 035 ## - SYSTEM CONTROL NUMBER |
| System control number |
(OCoLC)1518797348 |
| 040 ## - CATALOGING SOURCE |
| Original cataloging agency |
OMN |
| Language of cataloging |
eng |
| Transcribing agency |
OMN |
| Modifying agency |
OCLCO |
| -- |
LE@ |
| -- |
OCLCO |
| Description conventions |
rda |
| 092 ## - LOCALLY ASSIGNED DEWEY CALL NUMBER (OCLC) |
| Classification number |
Large Print |
| Item number |
Ogle, Jamie |
| 100 1# - MAIN ENTRY--PERSONAL NAME |
| Personal name |
Ogle, Jamie, |
| Relator term |
author. |
| 9 (RLIN) |
6487794 |
| 245 10 - TITLE STATEMENT |
| Title |
As sure as the sea / |
| Medium |
[Large Print] |
| Statement of responsibility, etc |
Jamie Ogle. |
| 250 ## - EDITION STATEMENT |
| Edition statement |
Large print edition. |
| 264 #1 - Production, Publication, Distribution, Manufacture, and Copyright Notice. |
| Place of production, publication, distribution, manufacture |
Waterville, ME : |
| Name of producer, publisher, distributor, manufacturer |
Thorndike Press, a part of Gale, a Cengage Company, |
| Date of production, publication, distribution, manufacture, or copyr |
2025. |
| 264 #4 - Production, Publication, Distribution, Manufacture, and Copyright Notice. |
| Date of production, publication, distribution, manufacture, or copyr |
©2025. |
| 300 ## - PHYSICAL DESCRIPTION |
| Extent |
591 pages (large print) ; |
| Dimensions |
22 cm. |
| 336 ## - Content Type |
| Content type term |
text |
| 337 ## - Media type |
| Media type term |
unmediated |
| 338 ## - Carrier type |
| Carrier type term |
volume |
| 500 ## - GENERAL NOTE |
| General note |
Includes discussion questions. |
| 520 ## - SUMMARY, ETC. |
| Summary, etc |
Easter Roman Empire, AD 310. In the shadow of Emperor Diocletian's anti-Christian edicts, Demitria goes upriver with her brother Theseus, to obtain provisions for fellow believers in the port city of Myra. When Theseus is injured in a diving accident, all seems lost, until a stranger named Nikolas appears and offers help. Demi is drawn to Nikolas and longs to trust in his belief that freedom can be found in forgiveness. Then one terrifying night, everything changes as the Roman Empire's fury rains down. Demi has no other choice but to decide if she has the courage to do what she once failed to... and if the faith she calls her own is sure enough to carry her.-- |
| 600 00 - SUBJECT ADDED ENTRY--PERSONAL NAME |
| Personal name |
Nicholas, |
| Titles and other words associated with a name |
Saint, Bishop of Myra |
| Form subdivision |
Fiction. |
| 9 (RLIN) |
6364896 |
| 650 #0 - SUBJECT ADDED ENTRY--TOPICAL TERM |
| Topical term or geographic name as entry element |
Christian martyrs |
| Form subdivision |
Fiction. |
| 9 (RLIN) |
6553184 |
| 650 #0 - SUBJECT ADDED ENTRY--TOPICAL TERM |
| Topical term or geographic name as entry element |
Christians |
| Form subdivision |
Fiction. |
| 9 (RLIN) |
5803482 |
| 650 #0 - SUBJECT ADDED ENTRY--TOPICAL TERM |
| Topical term or geographic name as entry element |
Siblings |
| Form subdivision |
Fiction. |
| 9 (RLIN) |
5708994 |
| 650 #0 - SUBJECT ADDED ENTRY--TOPICAL TERM |
| Topical term or geographic name as entry element |
Pearl divers |
| Form subdivision |
Fiction. |
| 9 (RLIN) |
6451443 |
| 650 #0 - SUBJECT ADDED ENTRY--TOPICAL TERM |
| Topical term or geographic name as entry element |
Church history |
| Chronological subdivision |
Primitive and early church, ca. 30-600 |
| Form subdivision |
Fiction. |
| 9 (RLIN) |
5683184 |
| 650 #0 - SUBJECT ADDED ENTRY--TOPICAL TERM |
| Topical term or geographic name as entry element |
Large type books. |
| 655 #7 - INDEX TERM--GENRE/FORM |
| Genre/form data or focus term |
large print books. |
| Source of term |
aat. |
| 9 (RLIN) |
5777956 |
| 655 #7 - INDEX TERM--GENRE/FORM |
| Genre/form data or focus term |
Christian fiction. |
| Source of term |
lcgft. |
| 655 #7 - INDEX TERM--GENRE/FORM |
| Genre/form data or focus term |
Historical fiction. |
| Source of term |
lcgft. |
| 655 #7 - INDEX TERM--GENRE/FORM |
| Genre/form data or focus term |
Novels. |
| Source of term |
lcgft. |
| 655 #7 - INDEX TERM--GENRE/FORM |
| Genre/form data or focus term |
Large print books. |
| Source of term |
lcgft. |
| 9 (RLIN) |
5777956 |
| 655 #7 - INDEX TERM--GENRE/FORM |
| Genre/form data or focus term |
Romans chrétiens. |
| Source of term |
rvmgf. |
| 9 (RLIN) |
6486268 |
| 655 #7 - INDEX TERM--GENRE/FORM |
| Genre/form data or focus term |
Romans. |
| Source of term |
rvmgf. |
| 9 (RLIN) |
6374904 |
| 655 #7 - INDEX TERM--GENRE/FORM |
| Genre/form data or focus term |
Livres en gros caractères. |
| Source of term |
rvmgf. |
| 9 (RLIN) |
6482101 |
| 907 ## - LOCAL DATA ELEMENT G, LDG (RLIN) |
| a |
.b509099695 |
| 942 ## - ADDED ENTRY ELEMENTS (KOHA) |
| Source of classification or shelving scheme |
Dewey Decimal Classification |
| Koha item type |
BOOK |